Planificaciones curriculares para la educación parvularia 1997: sala cuna,nivel medio, nivel transición, de acuerdo a los programas oficiales urgentes

Gorde:
Xehetasun bibliografikoak
Egile Nagusiak: Fernández González, Jorge Alfredo (Egilea), Morgado Piffardi, María T (Egilea), Piña Basualto, Elena (Egilea)
Formatua: Liburua
Hizkuntza:gaztelania
Argitaratua: Santiago Dislibro 1997
Gaiak:
Etiketak: Etiketa erantsi
Etiketarik gabe, Izan zaitez lehena erregistro honi etiketa jartzen!

MARC

LEADER 00000nam a2200000 a 4500
001 UCR8952
003 CL-VaPUC
008 980605e19970000CL |||||||||||||||||spa|d
082 0 4 |a 372.21  |b FER  |2 21 
100 |a Fernández González, Jorge Alfredo  |e author  |9 309975 
700 0 |a Morgado Piffardi, María T  |e author  |9 411050 
700 0 |a Piña Basualto, Elena  |e author  |9 411051 
245 1 0 |a Planificaciones curriculares para la educación parvularia 1997: sala cuna,nivel medio, nivel transición, de acuerdo a los programas oficiales urgentes 
300 |a 311 p 
942 |c BK 
945 |d 19980605 00:00:00  |a mvenant 
260 |a Santiago  |b Dislibro  |c 1997 
650 0 |a Planificación de la educación   |9 307333 
650 0 |a Educación parvularia  |9 310956 
650 0 |a Currículo  |9 307290 
650 0 |a Educación preescolar  |9 260381 
650 0 |a Curriculum  |9 411052 
650 0 |a Apresto lectoescritura  |9 309297 
651 7 |a CHILE  |2 CL-VaPUC  |9 411053 
583 |a last modification  |c 19980605 00:00:00  |k Rodrigo Vera 
999 |c 270217  |d 270215 
952 |0 0  |1 0  |4 0  |6 372_210000000000000_FER_1997  |7 0  |8 A  |9 304368  |a BIBEDU  |b BIBEDU  |d 2019-11-20  |i 3430464  |o 372.21 FER 1997  |p 3430464  |r 2019-11-20  |w 2019-11-20  |y BK  |k EPE